MDQL
is popping MORE tags! Check the
thread
!
Quizzes
Events
Quiz Creation
Community
Videos
Private Events
Remove Ads
Sign In
Join for FREE
Feedback
Dark Mode
Quiz Categories
Sports
Geography
Music
Movies
Television
Just For Fun
Miscellaneous
History
Literature
Language
Science
Gaming
Entertainment
Religion
Holiday
For Kids
Quiz Lab
Recent
Popular Today
Quiz Kudos Today
Editor Picks
Curator Picks
Quizzes by...
Day
Popularity
Type
Ratings
Length
Year
Community
Subscriptions
Recent Discussions
Orange Saloon
Badges
Playlists
Quests
Create
Leaderboards
Showdown
Live 5
Trivia Bingo
Activity
Puzzle Library
Sporcle Events
Private Events
Virtual Trivia
Globe League
Become a Host
Pub Owners
SporcleCon
Opinionation
Our Games
Videos
Blog
Mobile Apps
Partnerships
Remove Ads and Go Orange
Feedback
Music
Pop Music
The Beatles
Song
Album
Lyrics
Bands
Singers
Artist
Clip
Rock
Rap
Classical
Billboard
Country Music
Kpop
Taylor Swift
Music
Pop Music
The Beatles
Song
Album
Lyrics
Bands
Singers
Artist
Clip
Rock
Rap
Classical
Billboard
Country Music
Kpop
Taylor Swift
Random Quiz
Search Sporcle
×
Quiz Lab
Quiz Lab
Music
Artist
Type in answers that appear in a list
Type in answers that appear in a list
Classic
Best Score? Go Orange.
The First 25 Videos on MTV Stats
Can you name the the first 25 videos played on MTV??
By
Marshy
8m
25 Questions
94 Plays
94 Plays
94 Plays
Comments
Comments
Give Quiz Kudos
Give Quiz Kudos
-
- Ratings
hide this ad
Replay
Link that replays current quiz
Next Quiz
Link to next quiz in quiz playlist
You Got
0%
They Got
Avg Score
20%
Avg Friend Score
Upgrade to see
Score Distribution
Jump to the score distribution portion of the page
Score
0/25
Timer
08:00
0
Plays Today
Artist
Song
% Correct
The Buggles
Video Killed the Radio Star
98.9%
The Pretenders
Brass in Pocket
55.3%
REO Speedwagon
Keep on Loving You
37.2%
Phil Collins
In the Air Tonight
35.1%
Stevie Nicks and Tom Petty
Stop Draggin My Heart Around
33%
38 Special
Hold On Loosely
28.7%
The Who
You Better You Bet
26.6%
REO Speedwagon
Take it on the Run
26.6%
Pat Benatar
You Better Run
23.4%
Cliff Richard
We Don't Talk Anymore
18.1%
Robert Palmer
Looking for Clues
17%
Styx
Rockin the Paradise
14.9%
April Wine
Just Between You and Me
12.8%
Artist
Song
% Correct
Iron Maiden
Iron Maiden
12.8%
Rod Stewart
Sailing
10.6%
Todd Rundgren
Time Heals
9.6%
Split Enz
History Never Repeats
8.5%
The Pretenders
Message of Love
7.4%
Ph.D
Little Suzi's on the Up
6.4%
Rod Stewart
She Won't Dance with Me
5.3%
Robin Lane and the Chartbusters
When Things Go Wrong
4.3%
Michael Johnson
Bluer Than Blue
4.3%
Shoes
Too Late
4.3%
Lee Ritenour
Mr Briefcase
3.2%
The Cars
Double Life
3.2%
Quiz Playlist
Details
Report
Send in Message
Add To Playlist
Classic:
Type in answers that appear in a list
Last Updated: Feb 16, 2017
Quiz Scoreboard
CHALLENGE
Sign Up to Join the Scoreboard
Show All
Scores
Hide
Comments
May contain spoilers
Recently Published
5x2 Blitz: Bands
by SL_Kpop136
Music
30s
Colored Red Africa Blitz
by spor1
Geography
30s
Find the 'City' Movie
by crazypaving
Movies
60s
More to Explore
Quiz From the Vault
Featured Blog Post
14 Easter Pick-up Lines to Find Eggs With
hide this ad
You Might Also Like...
Tags
Artist Quiz
Song Quiz
MTV
Video
Today's Top Quizzes in Music
Browse Music
hide this ad
Today's Top Quizzes in Artist
Browse Artist
Top Contributed Quizzes in Music
1
5X2 Blitz: Bands II
2
Taylor Swift All Songs (2024)
3
5X2 Blitz: The Beatles
4
5X2 Blitz: Billboard
5
Taylor Swift Logic Puzzle
6
Taylor Swift Logic Puzzle II
7
5X2 Blitz: Album
8
5X2 Blitz: Billboard II
9
Music Artist by Three 2010s hits
10
5X2 Blitz: Rock
Explore More
Trending Topics
Anime
NBA
Disney
Kpop
Crossword
Marvel
Harry Potter
Pokémon
NFL
Soccer
WWE
Puzzle
The Office
Song
Country
hide this ad
More By:
Marshy
Quiz
Plays
Rating
Category
Featured
Created
UK Motorways
2,946
4.88
Geography
Nov 28, 2009
Man City managers since Fergie joined utd
2,624
4.00
Sports
Feb 8, 2010
English Football Cities
1,885
4.07
Sports
Nov 27, 2009
Blur Opening Lyrics
1,623
4.75
Music
Oct 29, 2010
Scottish Cup Runners Up
823
5.00
Sports
Apr 13, 2010
Go to Creator's Profile
Score Distribution
Quiz Creator Spotlight
Marshy
Follow
Send a Message
Quizzes Created
-
Created Quiz Play Count
-
More By This Creator
Popular Quizzes Today
1
Find the 'City' Movie
2
5x2 Blitz: Bands
3
Colored Red Africa Blitz
4
The Countries of the World
5
Find the US States - No Outlines Minefield
6
Find the US States
7
9x9 Crossword: Cartoon Network
8
US States
More Music Quizzes
Taylor Swift: Fearless (Clips)
Quiz Lab
Trending Quizzes
Colored Red Africa Blitz II
Colored Red Europe Blitz I
Colored Red Africa Blitz III
Colored Red Europe Blitz II
Colored Red Europe Blitz III
Recently Updated
Champions League XIs: Real Madrid
pecheneg
Largest US Cities 1790-2010
pecheneg
Rides in Walt Disney World
pecheneg
Most Oscar Losses (Acting)
pecheneg
Beyoncé Albums
pecheneg
Leaping Animals
pecheneg
Reality TV Shows (A-Z)
bhenderson79
Rickey Henderson's Hall of Fame Teammates
pecheneg
Champions League XIs: Arsenal
pecheneg
Quick Pick: Celebrities in WWE's Hall of Fame
aduchscher
Trending Topics
NBA
Crossword
Marvel
Harry Potter
Anime
Kpop
Disney
Puzzle
Soccer
Country
Song
Pokémon
NFL
The Office
WWE
Your Account Isn't Verified!
In order to create a playlist on Sporcle, you need to verify the email address you used during registration. Go to your
Sporcle Settings
to finish the process.
Report this User
Report this user for behavior that violates our
Community Guidelines
.
Details:
Send Report
Go to the Sporcle.com Mobile Site →
Comments